<?xml version="1.0" encoding="UTF-8"?>
<record
    xmlns:xsi="http://www.w3.org/2001/XMLSchema-instance"
    xsi:schemaLocation="http://www.loc.gov/MARC21/slim http://www.loc.gov/standards/marcxml/schema/MARC21slim.xsd"
    xmlns="http://www.loc.gov/MARC21/slim">

  <leader>01693nam a22002897a 4500</leader>
  <controlfield tag="001">8106</controlfield>
  <controlfield tag="003">FISKH</controlfield>
  <controlfield tag="005">20250825115606.0</controlfield>
  <controlfield tag="008">250825b        cb ||||| |||| 00| 0 eng d</controlfield>
  <datafield tag="020" ind1=" " ind2=" ">
    <subfield code="a">9789995001063</subfield>
  </datafield>
  <datafield tag="040" ind1=" " ind2=" ">
    <subfield code="a">FISKH</subfield>
    <subfield code="b">khr</subfield>
    <subfield code="c">FISKH</subfield>
    <subfield code="d">FISKH</subfield>
  </datafield>
  <datafield tag="050" ind1=" " ind2=" ">
    <subfield code="a">PZ7</subfield>
  </datafield>
  <datafield tag="100" ind1=" " ind2=" ">
    <subfield code="a">Sotheary, Kimsun</subfield>
  </datafield>
  <datafield tag="245" ind1=" " ind2=" ">
    <subfield code="a">&#x1780;&#x17BC;&#x1793;&#x1780;&#x1784;&#x17D2;&#x1780;&#x17C2;&#x1794;&#x179F;&#x17D2;&#x178F;&#x17B6;&#x1794;&#x17CB;&#x178A;&#x17C6;&#x1794;&#x17BC;&#x1793;&#x17D2;&#x1798;&#x17B6;&#x1793; : </subfield>
    <subfield code="b">Obedient baby frog / </subfield>
    <subfield code="c">&#x179A;&#x17C0;&#x1794;&#x179A;&#x17C0;&#x1784;&#x178A;&#x17C4;&#x1799; &#x1782;&#x17B9;&#x1798;&#x179F;&#x17CA;&#x17BB;&#x1793; &#x179F;&#x17BB;&#x1792;&#x17B6;&#x179A;&#x17B8; ,&#x200B; &#x1782;&#x178E;:&#x1780;&#x1798;&#x17D2;&#x1798;&#x1780;&#x17B6;&#x179A;&#x17A2;&#x17C6;&#x178E;&#x17B6;&#x1793; &#x179B;&#x17C4;&#x1780; &#x179C;&#x17C9;&#x17B6;&#x1793;&#x17CB; &#x179F;&#x17BB;&#x1797;&#x17D0;&#x1780;&#x17D2;&#x179A;&#x17D2;&#x178F; &#x1793;&#x17B7;&#x1784; &#x1780;&#x1789;&#x17D2;&#x1789;&#x17B6; &#x17A0;&#x17C1;&#x1784; &#x1785;&#x179A;&#x17B7;&#x1799;&#x17B6;&#x200B;</subfield>
  </datafield>
  <datafield tag="260" ind1=" " ind2=" ">
    <subfield code="a">&#x1797;&#x17D2;&#x1793;&#x17C6;&#x1796;&#x17C1;&#x1789; : </subfield>
    <subfield code="b">Reading Books , </subfield>
    <subfield code="c">2010 . </subfield>
  </datafield>
  <datafield tag="300" ind1=" " ind2=" ">
    <subfield code="a">20 pages : </subfield>
    <subfield code="b">color illustrations ;</subfield>
    <subfield code="c">25 cm . </subfield>
  </datafield>
  <datafield tag="505" ind1=" " ind2=" ">
    <subfield code="a">L 
</subfield>
  </datafield>
  <datafield tag="520" ind1=" " ind2=" ">
    <subfield code="a">&#x1798;&#x17C1;&#x179A;&#x1794;&#x179F;&#x17CB;&#x1780;&#x1784;&#x17D2;&#x1780;&#x17C2;&#x1794;&#x1785;&#x17C1;&#x1789;&#x1791;&#x17C5;&#x179A;&#x1780;&#x1785;&#x17C6;&#x1793;&#x17B8;&#x178A;&#x17C4;&#x1799;&#x1791;&#x17BB;&#x1780;&#x1780;&#x17BC;&#x1793;&#x1793;&#x17C5;&#x1795;&#x17D2;&#x1791;&#x17C7; &#x17D4; &#x1780;&#x1784;&#x17D2;&#x1780;&#x17C2;&#x1794;&#x179B;&#x17C4;&#x178F;&#x1785;&#x17C1;&#x1789;&#x1780;&#x17D2;&#x179A;&#x17C5;&#x1794;&#x17B6;&#x1793;&#x1783;&#x17BE;&#x1789;&#x1796;&#x179F;&#x17CB; &#x179C;&#x17B6;&#x1780;&#x17CF;&#x179B;&#x17C4;&#x178F;&#x1785;&#x17BC;&#x179B;&#x1795;&#x17D2;&#x1791;&#x17C7;&#x179C;&#x17B7;&#x1789;&#x1799;&#x17C9;&#x17B6;&#x1784;&#x179B;&#x17BF;&#x1793; &#x179A;&#x1784;&#x17CB;&#x1785;&#x17B6;&#x17C6;&#x1798;&#x17C1;&#x179C;&#x17B6;&#x178F;&#x17D2;&#x179A;&#x179B;&#x1794;&#x17CB;&#x1798;&#x1780;&#x179C;&#x17B7;&#x1789; &#x17D4;&#x200B;</subfield>
  </datafield>
  <datafield tag="520" ind1=" " ind2=" ">
    <subfield code="a">The frog's mother went out to find food, leaving her child at home. The frog jumped outside and saw a snake, so it quickly jumped back inside and waited for its mother to return.</subfield>
  </datafield>
  <datafield tag="521" ind1="8" ind2=" ">
    <subfield code="a">550 
</subfield>
    <subfield code="b">Lexile estimate 
</subfield>
  </datafield>
  <datafield tag="521" ind1="8" ind2=" ">
    <subfield code="a">L 
</subfield>
    <subfield code="b">Raz-Plus 
</subfield>
  </datafield>
  <datafield tag="650" ind1=" " ind2=" ">
    <subfield code="a">&#x1780;&#x17BC;&#x1793;&#x1780;&#x1784;&#x17D2;&#x1780;&#x17C2;&#x1794;&#x179F;&#x17D2;&#x178F;&#x17B6;&#x1794;&#x17CB;&#x178A;&#x17C6;&#x1794;&#x17BC;&#x1793;&#x17D2;&#x1798;&#x17B6;&#x1793;</subfield>
    <subfield code="v">&#x179A;&#x17BF;&#x1784;&#x1793;&#x17B7;&#x1791;&#x17B6;&#x1793;&#x1780;&#x17BB;&#x1798;&#x17B6;&#x179A;</subfield>
  </datafield>
  <datafield tag="650" ind1=" " ind2=" ">
    <subfield code="a">Obedient baby frog </subfield>
    <subfield code="v">Children's stories</subfield>
  </datafield>
  <datafield tag="700" ind1=" " ind2=" ">
    <subfield code="a">Lyda, Moeuk</subfield>
    <subfield code="e">Illustrator </subfield>
  </datafield>
  <datafield tag="942" ind1=" " ind2=" ">
    <subfield code="2">ddc</subfield>
    <subfield code="c">KHB</subfield>
    <subfield code="n">0</subfield>
  </datafield>
  <datafield tag="999" ind1=" " ind2=" ">
    <subfield code="c">8106</subfield>
    <subfield code="d">8106</subfield>
  </datafield>
  <datafield tag="952" ind1=" " ind2=" ">
    <subfield code="0">0</subfield>
    <subfield code="1">0</subfield>
    <subfield code="2">ddc</subfield>
    <subfield code="4">0</subfield>
    <subfield code="7">0</subfield>
    <subfield code="8">Khmer-English Bilingual </subfield>
    <subfield code="a">002</subfield>
    <subfield code="b">002</subfield>
    <subfield code="c">TTP Khmer</subfield>
    <subfield code="d">2025-08-25</subfield>
    <subfield code="l">0</subfield>
    <subfield code="o">SOT PZ7</subfield>
    <subfield code="p">2025-4229</subfield>
    <subfield code="r">2025-08-25 11:54:02</subfield>
    <subfield code="t">1</subfield>
    <subfield code="w">2025-08-25</subfield>
    <subfield code="y">KHB</subfield>
  </datafield>
  <datafield tag="952" ind1=" " ind2=" ">
    <subfield code="0">0</subfield>
    <subfield code="1">0</subfield>
    <subfield code="2">ddc</subfield>
    <subfield code="4">0</subfield>
    <subfield code="7">0</subfield>
    <subfield code="8">Khmer-English Bilingual </subfield>
    <subfield code="a">002</subfield>
    <subfield code="b">002</subfield>
    <subfield code="c">TTP Khmer</subfield>
    <subfield code="d">2025-10-03</subfield>
    <subfield code="l">0</subfield>
    <subfield code="o">SOT PZ7</subfield>
    <subfield code="p">2025-4483</subfield>
    <subfield code="r">2025-10-03 12:43:02</subfield>
    <subfield code="t">2</subfield>
    <subfield code="w">2025-10-03</subfield>
    <subfield code="y">KHB</subfield>
  </datafield>
  <datafield tag="952" ind1=" " ind2=" ">
    <subfield code="0">0</subfield>
    <subfield code="1">0</subfield>
    <subfield code="2">ddc</subfield>
    <subfield code="4">0</subfield>
    <subfield code="7">0</subfield>
    <subfield code="8">Khmer-English Bilingual </subfield>
    <subfield code="a">002</subfield>
    <subfield code="b">002</subfield>
    <subfield code="c">TTP Khmer</subfield>
    <subfield code="d">2025-11-10</subfield>
    <subfield code="l">0</subfield>
    <subfield code="o">SOT PZ7</subfield>
    <subfield code="p">FISBK03868</subfield>
    <subfield code="r">2025-11-10 15:49:22</subfield>
    <subfield code="t">3</subfield>
    <subfield code="w">2025-11-10</subfield>
    <subfield code="y">KHB</subfield>
  </datafield>
  <datafield tag="952" ind1=" " ind2=" ">
    <subfield code="0">0</subfield>
    <subfield code="1">0</subfield>
    <subfield code="2">ddc</subfield>
    <subfield code="4">0</subfield>
    <subfield code="7">0</subfield>
    <subfield code="8">Khmer-English Bilingual </subfield>
    <subfield code="a">002</subfield>
    <subfield code="b">002</subfield>
    <subfield code="c">TTP Khmer</subfield>
    <subfield code="d">2025-11-11</subfield>
    <subfield code="l">0</subfield>
    <subfield code="o">SOT PZ7</subfield>
    <subfield code="p">FIS04527</subfield>
    <subfield code="r">2025-11-11 14:22:48</subfield>
    <subfield code="t">4</subfield>
    <subfield code="w">2025-11-11</subfield>
    <subfield code="y">KHB</subfield>
  </datafield>
</record>
